U.S. State Flags: Northeast Region - Statistics

General Stats
  • This quiz has been taken 331 times
  • The average score is 8 of 9
Answer Stats
Picture Hint Answer % Correct
New England Maine
97%
New England Rhode Island
97%
New England Connecticut
95%
New England New Hampshire
95%
New England Massachusetts
94%
Middle Atlantic New York
91%
New England Vermont
91%
Middle Atlantic New Jersey
89%
Middle Atlantic Pennsylvania
88%
No matching quizzes found
Score Distribution
Percent of People with Each Score
Percentile by Number Answered
Your Score History
You have not taken this quiz